| 000 | 01864nam a2200205Ia 4500 | ||
|---|---|---|---|
| 000 | 03135naaa 00397uu | ||
| 001 | https://directory.doabooks.org/handle/20.500.12854/29767 | ||
| 008 | 211013s9999 xx 000 0 und d | ||
| 024 | _ahttps://doi.org/10.1525/luminos.99 | ||
| 042 | _adc | ||
| 100 | 1 | _aSavelsberg, Joachim J. | |
| 245 | 0 | _aKnowing about Genocide : Armenian Suffering and Epistemic Struggles | |
| 260 |
_bUniversity of California Press _c2021 |
||
| 520 | _aThis book is freely available in an open access edition thanks to TOME (Toward an Open Monograph Ecosystem)?? a collaboration of the Association of American Universities, the Association of University Presses, and the Association of Research Libraries?? and the generous support of the University of Minnesota. Learn more at the TOME website, available at? openmonographs.org. How do victims and perpetrators generate conflicting knowledge about genocide? Using a sociology of knowledge approach,? Savelsberg? answers this question for the Armenian genocide committed in the context of the First World War. Focusing on Armenians and Turks, he examines strategies of silencing, denial, and acknowledgment in everyday interaction, public rituals, law, and politics.? Drawing on interviews, ethnographic accounts, documents, and eyewitness testimony, Savelsberg illuminates the social processes that drive dueling versions of history. He reveals counterproductive consequences of denial in an age of human rights hegemony, with implications for populist disinformation campaigns against overwhelming evidence. | ||
| 540 | _aCreative Commons | ||
| 653 | _aHistory | ||
| 856 |
_uhttps://docs.google.com/spreadsheets/d/1yKIrdCPDAG_9c22mwoOIO2DOhtj65Wqa/edit?usp=sharing&ouid=106555315294820607512&rtpof=true&sd=true _yList of Curated E-Books |
||
| 942 | _cE-BOOK | ||
| 999 |
_c90214 _d90211 |
||